000 00833nam a2200277Ia 4500
003 OSt
005 20220918163202.0
006 a|||||r|||| 00| 0
007 ta
008 220917b |||||||| |||| 00| 0 eng d
020 _a0 09 936241 4 (pbk)
024 _a241,294
037 _cTextual
040 _aARTS
_cARTS
_beng
041 _2eng
_aeng
082 _aO122,3M71,11, 111N6.2-.6
100 _aProust Marcel
_911826
245 0 _aIn search of lost time
260 _aLondon
_bVintage UK
_c1996
490 _vVol. 3
650 _aENGLISH LITERATURE
700 _a Kilmartin Terence Tr.
_911827
700 _a Moncrieff C. K. Scott Tr.
_911828
942 _hO122,3M71,11, 111N6.2-.6
_cTEXL
_2CC
999 _c118276
_d118276